Feminismo: masculinidad y paternidad /
Este trabajo incorpora un ejercicio reflexivo sobre la aportación de los planteamientos feministas respecto a la historicidad y el carácter relacional en los procesos y formas de vida, su implicación e influencia en los estudios de la masculinidad y paternidad. Un legado del movimiento feminista fue...
Guardado en:
| 主要作者: | |
|---|---|
| 格式: | Texto |
| 語言: | Spanish |
| 出版: |
México
UNAM
2006
|
| 主題: | |
| 標簽: |
添加標簽
沒有標簽, 成為第一個標記此記錄!
|
MARC
| LEADER | 00000 a a2200000 04500 | ||
|---|---|---|---|
| 001 | 18723 | ||
| 003 | cru CIDCACS/IIS | ||
| 005 | 20230419142947.0 | ||
| 008 | 230419b2006 mx ||||| |||| 00| 0 spa d | ||
| 040 | |c cru CIDCACS/IIS | ||
| 090 | |a REV1683 (24) 2006 | ||
| 100 | |a Salguero Velásquez, María Alejandra | ||
| 245 | |a Feminismo: |b masculinidad y paternidad / |c María Alejandra Salguero Velásquez | ||
| 260 | |a México |b UNAM |c 2006 | ||
| 520 | |a Este trabajo incorpora un ejercicio reflexivo sobre la aportación de los planteamientos feministas respecto a la historicidad y el carácter relacional en los procesos y formas de vida, su implicación e influencia en los estudios de la masculinidad y paternidad. Un legado del movimiento feminista fue la reivindicación de la lucha política centrada en las necesidades y desigualdades de miles de mujeres, cuestionando el lugar de los varones, llegando a plantear un reto fundamental a las concepciones hegemónicas de masculinidad, y en este sentido de la paternidad. Desde la perspectiva relacional de género, los diferentes modos de masculinidad y paternidad forman parte de procesos sociales complejos, que desde la propuesta teórico-política del feminismo formarían parte de la lucha por la transformación de la sociedad |a al plantear que lo personal es político, se incorporan cuestionamientos que mantenían una cómoda separación entre lo privado y lo público, uno de ellos es la paternidad en los varones | ||
| 650 | |a FEMINISMO | ||
| 650 | |a MASCULINO | ||
| 650 | |a GENERO | ||
| 650 | |a SOCIEDAD | ||
| 650 | |a POLITICA | ||
| 773 | |g número 24; páginas 41-60 |t Tramas | ||
| 942 | |2 z |c LITG | ||
| 999 | |c 34720 |d 34720 | ||
